Racismo y discurso de las Élites
Zapisane w:
| 1. autor: | |
|---|---|
| Format: | Książka |
| Język: | Undetermined |
| Wydane: |
Barcelona, España
Editorial Gedisa
2003
|
| Hasła przedmiotowe: | |
| Etykiety: |
Dodaj etykietę
Nie ma etykietki, Dołącz pierwszą etykiete!
|
MARC
| LEADER | 00000nam a2200000Ia 4500 | ||
|---|---|---|---|
| 008 | 170316s9999 xx 000 0 und d | ||
| 090 | |a 410 V-3r | ||
| 100 | |a Van Dijk, Teun A. | ||
| 245 | |a Racismo y discurso de las Élites | ||
| 260 | |a Barcelona, España | ||
| 260 | |b Editorial Gedisa | ||
| 260 | |c 2003 | ||
| 300 | |a 334 páginas | ||
| 650 | |a LINGÜÍSTICA | ||
| 650 | |a DISCURSO POLÍTICO | ||
| 650 | |a DISCURSO CORPORATIVO | ||
| 650 | |a EDUCACIÓN E INVESTIGACIÓN | ||
| 650 | |a DISCURSO MEDIÁTICO | ||
| 999 | |c 18800 |d 18800 | ||
| 040 | |a cru BVZT | ||
| 942 | |c 15 D |h 410 V-3r |2 z | ||
